| 000 | 00674nam a2200193 a 4500 | ||
|---|---|---|---|
| 001 | 2337 | ||
| 005 | 20140414131923.0 | ||
| 008 | 010727s19uu xx 00 eng d | ||
| 020 | _a1-85830-075-4 | ||
| 050 |
_aER _bSt6 1993 |
||
| 100 | _aJohnston, Beryl | ||
| 245 |
_aStories at bedtime / _cwritten by Beryl Johnston ; illustrated by Dorothea King (Linden Artists). |
||
| 260 |
_aLondon : _bGrandreams, _c1993. |
||
| 300 | _a1v. (unp.) ; ill. : cm. | ||
| 500 | _aContents: The Spring Rainbow - Pipkin The Shy Pixie - Bigboots and the Midsummer Ball - Bushy Tail's Bedtime. | ||
| 650 | _aCollection of short stories. | ||
| 650 | _aChildren's stories. | ||
| 999 |
_c111878 _d111878 |
||